000 01009cam a22002411i 4500
003 SA-RiAUC
005 20241023072133.0
008 241022s1998 su o g e f00010 ara c
040 _aSA-RIMASH
_bara
_cSA-RiAUC
_erda
043 _aa-su---
082 0 4 _a953.12103
_qSA-RiAUC
090 _a953.12103
_bح ا ر
100 1 _aالحارثي، ناصر علي،
_dتوفي 1430 هجري
_eمؤلف.
245 1 0 _aموسوعة الآثار الإسلامية بمكة المكرمة :
_bأعمال الأجر بمكة المكرمة /
_cناصر علي الحارثي.
264 1 _aمكة المكرمة :
_bنادي مكة المكرمة الأديي،
_c1998
300 _a193 صفحة :
_bصور ؛
_c24 سم
336 _aنص
_btxt
_2rdacontent
_3كتاب
337 _aبدون وسيط
_bn
_2rdamedia
338 _aمجلد
_bnc
_2rdacarrier
651 7 _aمكة المكرمة
_xآثار إسلامية
_vدوائر معارف
_2aucsh
942 _2ddc
_cBOOK
_n0
949 _aSA-JeALM
_d241022
_umohamedma123
_n1
999 _c1614
_d1614